| 000 | 00000nam 2200000zi 4500 |
| 001 | 9.943102 |
| 003 | CaOODSP |
| 005 | 20241104143929 |
| 006 | m o d f |
| 007 | cr |n||||||||| |
| 008 | 240911t19761977onc o f000 0 fre d |
| 020 | |z0660008831 |
| 040 | |aCaOODSP|bfre|erda|cCaOODSP |
| 043 | |an-cn--- |
| 086 | 1 |aZ1-1975/1-41-28F-PDF|zZ1-1975/1-41-28F |
| 110 | 2 |aStikeman, Elliott, Tamaki, Mercier et Robb (Firme)|eauteur. |
| 245 | 13|aLa fiscalité canadienne et le groupement de sociétés : |bune recherche scientifique / |cStikeman, Elliott, Tamaki, Mercier et Robb, avocats. |
| 264 | 1|a[Ottawa] : |bApprovisionnements et services Canada, |c1976. |
| 264 | 4|c©1977 |
| 300 | |a1 ressource en ligne (v, 47 pages) : |btableaux. |
| 336 | |atexte|btxt|2rdacontent/fre |
| 337 | |ainformatique|bc|2rdamedia/fre |
| 338 | |aressource en ligne|bcr|2rdacarrier/fre |
| 490 | 1 |aÉtude - Commission royale d'enquête sur les groupements de sociétés ; |vno. 28 |
| 500 | |aPublié aussi en anglais sous le titre : Corporate concentration and the Canadian tax system : a background report. |
| 500 | |aÉdition numérisée de l'imprimée [par Direction des publications du Gouvernement du Canada]. |
| 650 | 6|aSociétés|xImpôts|zCanada. |
| 650 | 6|aEntreprises|xImpôts|zCanada. |
| 710 | 1 |aCanada. |bCommission royale d'enquête sur les groupements de sociétés, |eorganisme de publication. |
| 775 | 08|tCorporate concentration and the Canadian tax system : |w(CaOODSP)9.894526 |
| 830 | #0|aÉtude / Commission royale d'enquête sur les groupements de sociétés ;|vno. 28. |w(CaOODSP)9.942876 |
| 856 | 40|qPDF|s4324 Ko|uhttps://publications.gc.ca/collections/collection_2024/bcp-pco/Z1-1975-1-41-28-fra.pdf |